[Event "Landsturneringen NM i sjakk 2013"]
[Site "Radisson Blu Lillehammer Hotel"]
[Date "2013.06.29"]
[Round "1"]
[White "Jacobsen, Jerlow Lytomt"]
[Black "Bruaset, Eivind"]
[Result "0-1"]
[WhiteElo "700"]
[BlackElo "1266"]
[PlyCount "58"]
[EventDate "2013.??.??"]

1. d4 c5 2. Nf3 cxd4 3. Nxd4 e5 4. Nf3 Nf6 5. c3 Nc6 6. Qb3 Bc5 7. Ng5 d5 8. e4
O-O 9. g3 h6 10. Nf3 dxe4 11. Qc4 Qb6 12. Be3 Bxe3 13. fxe3 exf3 14. Nd2 Qxe3+
15. Be2 Qxe2+ 16. Qxe2 fxe2 17. Kxe2 Bg4+ 18. Nf3 e4 19. h3 Bxf3+ 20. Kf2 Bxh1
21. Rxh1 Rfe8 22. Re1 Rad8 23. g4 Ne5 24. g5 hxg5 25. Kg3 Nh5+ 26. Kh2 Nf3+ 27.
Kh1 Nxe1 28. Kg1 Rd2 29. h4 Nf3+ 0-1

[Event "Landsturneringen NM i sjakk 2013"]
[Site "Radisson Blu Lillehammer Hotel"]
[Date "2013.06.29"]
[Round "1"]
[White "Garcia, Megan Alyssa"]
[Black "Merzliakov, Vladimir"]
[Result "0-1"]
[WhiteElo "1300"]
[BlackElo "668"]
[PlyCount "86"]
[EventDate "2013.??.??"]

1. e4 e5 2. f4 d6 3. Nf3 Nc6 4. Bb5 Bd7 5. Nc3 Nf6 6. d3 Bg4 7. O-O a6 8. Ba4
b5 9. Bb3 Nd4 10. Kh1 Nxf3 11. Rxf3 Bxf3 12. Qxf3 Be7 13. f5 c6 14. Be3 b4 15.
Ne2 O-O 16. Rf1 d5 17. exd5 cxd5 18. Qg3 Qd6 19. Bg5 h6 20. Bh4 Nh5 21. Qg4 Nf6
22. Bxf6 Bxf6 23. Ng3 Bg5 24. Nh5 a5 25. c4 a4 26. Bc2 dxc4 27. Qxc4 Rac8 28.
Qg4 Rxc2 29. f6 Bxf6 30. Nxf6+ Qxf6 31. Rg1 Rfc8 32. h3 Rc1 33. Qxb4 Qf2 34.
Rxc1 Rxc1+ 35. Kh2 Rg1 36. Qb7 Rf1 37. Qa8+ Kh7 38. Qe4+ g6 39. Qxe5 Qg1+ 40.
Kg3 Re1 41. Qf6 Re3+ 42. Kh4 g5+ 43. Kh5 Qd1+ 0-1

[Event "Landsturneringen NM i sjakk 2013"]
[Site "Radisson Blu Lillehammer Hotel"]
[Date "2013.06.29"]
[Round "1"]
[White "Næss, Sara"]
[Black "Haukenes, Jonas"]
[Result "1-0"]
[WhiteElo "1371"]
[BlackElo "804"]
[PlyCount "75"]
[EventDate "2013.??.??"]

1. e4 e5 2. Nf3 Nc6 3. Bc4 Bb4 4. c3 Ba5 5. d3 d6 6. O-O Nf6 7. Re1 Bg4 8. h3
Bh5 9. Nbd2 O-O 10. Nf1 Bb6 11. Ng3 Ne7 12. Bg5 Bxf3 13. Qxf3 Ne8 14. Qg4 Kh8
15. Nf5 f6 16. Bd2 Ng6 17. h4 c6 18. h5 Ne7 19. h6 g6 20. Nh4 d5 21. Bb3 Qc8
22. Qg3 a5 23. Be3 Bxe3 24. Rxe3 a4 25. Bc2 a3 26. b3 Ra6 27. Nf3 dxe4 28. dxe4
c5 29. Rd1 b5 30. Nxe5 f5 31. Qg5 Qe6 32. Nd7 Ra7 33. Nxf8 Qc6 34. exf5 Nxf5
35. Bxf5 gxf5 36. Rd8 Qf6 37. Qxf6+ Nxf6 38. Ng6# 1-0

[Event "Landsturneringen NM i sjakk 2013"]
[Site "Radisson Blu Lillehammer Hotel"]
[Date "2013.06.29"]
[Round "1"]
[White "Sundsbø, Sigve"]
[Black "Lorem, Helene"]
[Result "1-0"]
[WhiteElo "1501"]
[BlackElo "956"]
[PlyCount "54"]
[EventDate "2013.??.??"]

1. d4 Nf6 2. c4 e6 3. Nc3 d5 4. cxd5 exd5 5. Bg5 Be6 6. e3 Be7 7. Bd3 Nbd7 8.
Nf3 c6 9. O-O O-O 10. h3 h6 11. Bf4 c5 12. dxc5 Nxc5 13. Nd4 Nxd3 14. Qxd3 a6
15. a3 Bd6 16. Bxd6 Qxd6 17. Rac1 Qe5 18. Rfe1 Ne4 19. f4 Nc5 20. Qd1 Qf6 21.
f5 Bd7 22. Nxd5 Qe5 23. Nf3 Qg3 24. Rxc5 Rab8 25. Ne7+ Kh8 26. Qxd7 Rbd8 27.
Qc7 Rd2 1-0

[Event "Landsturneringen NM i sjakk 2013"]
[Site "Radisson Blu Lillehammer Hotel"]
[Date "2013.06.29"]
[Round "2"]
[White "Heier, Odin Nikolai"]
[Black "Berntsen-Øybø, August"]
[Result "1/2-1/2"]
[WhiteElo "1302"]
[BlackElo "1303"]
[PlyCount "49"]
[EventDate "2013.??.??"]

1. e4 c5 2. Nf3 Nc6 3. c3 d6 4. d4 cxd4 5. cxd4 Nf6 6. Be2 Nxe4 7. d5 Qa5+ 8.
Nc3 Nxc3 9. bxc3 Ne5 10. Bb2 Nxf3+ 11. Bxf3 Bd7 12. O-O O-O-O 13. Qb3 Qb5 14.
Qc2 Qa4 15. Qd2 Kb8 16. Rfc1 Rc8 17. Be2 Bb5 18. Bd1 Qa6 19. Bb3 Bc4 20. Qf4 f6
21. Qd4 g6 22. Re1 Rc7 23. Re4 Bd3 24. Re3 Bc4 25. Re4 1/2-1/2

[Event "Landsturneringen NM i sjakk 2013"]
[Site "Radisson Blu Lillehammer Hotel"]
[Date "2013.06.29"]
[Round "2"]
[White "Greibrokk, Ingrid Andrea"]
[Black "Dahl, Trygve"]
[Result "1-0"]
[WhiteElo "1419"]
[BlackElo "1722"]
[PlyCount "83"]
[EventDate "2013.??.??"]

1. e4 c5 2. Nf3 e6 3. d4 cxd4 4. Nxd4 a6 5. g3 Qc7 6. Bg2 b6 7. O-O Bb7 8. b3
d6 9. Bb2 Nd7 10. c4 Ngf6 11. Nd2 Be7 12. Kh1 h5 13. h3 O-O 14. f4 Nc5 15. Qe2
e5 16. Nf5 exf4 17. Nxe7+ Qxe7 18. Rxf4 Ncd7 19. Raf1 d5 20. Bxf6 Nxf6 21. Qe3
b5 22. Rxf6 gxf6 23. Rf5 Kg7 24. e5 d4 25. Qf4 Bxg2+ 26. Kh2 Qxe5 27. Rxe5 fxe5
28. Qg5+ Kh7 29. Kxg2 bxc4 30. Nxc4 f6 31. Qxh5+ Kg7 32. Nd6 f5 33. Qg5+ Kh8
34. Qh6+ Kg8 35. Qg6+ Kh8 36. Nf7+ Rxf7 37. Qxf7 f4 38. g4 a5 39. g5 Rg8 40. g6
Rg7 41. Qf8+ Rg8 42. Qh6# 1-0

[Event "Landsturneringen NM i sjakk 2013"]
[Site "Radisson Blu Lillehammer Hotel"]
[Date "2013.06.29"]
[Round "2"]
[White "Ruud, Tobias Frisvold"]
[Black "Forså, Regine"]
[Result "1/2-1/2"]
[WhiteElo "941"]
[BlackElo "1183"]
[PlyCount "25"]
[EventDate "2013.??.??"]

1. d4 d5 2. c4 e6 3. e3 Nf6 4. Nc3 Be7 5. Nf3 b6 6. b3 Bb7 7. Bb2 O-O 8. Be2 c5
9. O-O Nbd7 10. Rc1 h6 11. h3 Re8 12. Re1 Nb8 13. Ba3 1/2-1/2

[Event "Landsturneringen NM i sjakk 2013"]
[Site "Radisson Blu Lillehammer Hotel"]
[Date "2013.06.29"]
[Round "3"]
[White "Greibrokk, Ingrid Andrea"]
[Black "Machlik, Endre"]
[Result "1/2-1/2"]
[WhiteElo "1419"]
[BlackElo "1560"]
[PlyCount "86"]
[EventDate "2013.??.??"]

1. e4 c6 2. c4 d5 3. exd5 cxd5 4. d4 Nc6 5. Nf3 Bg4 6. Be2 Nf6 7. Qd3 dxc4 8.
Qxc4 Rc8 9. Be3 Nd5 10. O-O e6 11. Nbd2 Be7 12. Rac1 O-O 13. a3 Bf6 14. Qb3 Qd7
15. Rfd1 Na5 16. Qa2 Rxc1 17. Rxc1 Rc8 18. Rxc8+ Qxc8 19. Qb1 Bf5 20. Ne4 Nxe3
21. fxe3 Bxe4 22. Qxe4 Qc1+ 23. Kf2 Qxb2 24. Qf4 Qb6 25. Ne5 Qd6 26. Nd3 Nc4
27. Qxd6 Nxd6 28. Bf3 b6 29. Nb4 Nb5 30. a4 Nc3 31. Bc6 Kf8 32. Ke1 a5 33. Nc2
Ke7 34. Kd2 Kd6 35. Be8 Ne4+ 36. Kd3 Nf2+ 37. Ke2 Ng4 38. h3 Nh6 39. Kd3 Ke7
40. Bb5 Nf5 41. e4 Nh6 42. Na3 Kd8 43. Nc4 Kc7 1/2-1/2

[Event "Landsturneringen NM i sjakk 2013"]
[Site "Radisson Blu Lillehammer Hotel"]
[Date "2013.06.29"]
[Round "3"]
[White "Næss, Sara"]
[Black "Jacobsen, Elise Sjøttem"]
[Result "1-0"]
[WhiteElo "1371"]
[BlackElo "1419"]
[PlyCount "83"]
[EventDate "2013.??.??"]

1. e4 c5 2. Nf3 d6 3. d4 cxd4 4. Nxd4 Nf6 5. Nc3 g6 6. Be2 Bg7 7. Be3 O-O 8.
O-O Nc6 9. Nb3 a6 10. f4 b5 11. Bf3 Bb7 12. Qe1 Nd7 13. a3 Rb8 14. Rd1 b4 15.
axb4 Nxb4 16. Qd2 Qc7 17. Bd4 Bxd4+ 18. Nxd4 Nc5 19. Rde1 Nc6 20. Nd5 Qd7 21.
b4 Nxd4 22. Qxd4 Ne6 23. Qd2 Bxd5 24. exd5 Qa7+ 25. Kh1 Nd4 26. c3 Nxf3 27.
Rxf3 Rfe8 28. Qe3 Qa8 29. Qd4 Rb5 30. Rd3 Qb7 31. f5 Rc8 32. fxg6 fxg6 33. Qe4
Re8 34. Qe6+ Kh8 35. Qf7 Qd7 36. Rh3 h5 37. Qxg6 Rxd5 38. Qh6+ Kg8 39. Rg3+ Qg4
40. Rxg4+ hxg4 41. Qe6+ Kg7 42. Qxd5
1-0

[Event "Landsturneringen NM i sjakk 2013"]
[Site "Radisson Blu Lillehammer Hotel"]
[Date "2013.06.29"]
[Round "3"]
[White "Risting, Eivind Olav"]
[Black "Merzliakov, Vladimir"]
[Result "1-0"]
[WhiteElo "1570"]
[BlackElo "668"]
[PlyCount "49"]
[EventDate "2013.??.??"]

1. e4 e5 2. Nf3 Nc6 3. d4 d6 4. dxe5 Bg4 5. exd6 Bxd6 6. Be2 Nf6 7. Nc3 O-O 8.
O-O Re8 9. Bg5 Re6 10. Nd4 Re5 11. Nxc6 bxc6 12. f4 Bc5+ 13. Kh1 Qxd1 14. Bxd1
Bxd1 15. fxe5 Bh5 16. exf6 gxf6 17. Bxf6 Kf8 18. Rf5 Bg6 19. Rxc5 Ke8 20. Rxc6
Kd7 21. Rc5 Kd6 22. Rd5+ Ke6 23. Bh4 f5 24. exf5+ Bxf5 25. Re1+ 1-0

[Event "Landsturneringen NM i sjakk 2013"]
[Site "Radisson Blu Lillehammer Hotel"]
[Date "2013.06.29"]
[Round "3"]
[White "Svanes, Eivind"]
[Black "Haukenes, Jonas"]
[Result "1-0"]
[WhiteElo "1098"]
[BlackElo "804"]
[PlyCount "63"]
[EventDate "2013.??.??"]

1. b4 e5 2. Bb2 d6 3. a3 Nf6 4. e3 g6 5. c4 b6 6. Nf3 Bg7 7. d4 e4 8. Nfd2 O-O
9. Nc3 Bb7 10. Be2 Nbd7 11. O-O c5 12. d5 cxb4 13. axb4 a5 14. bxa5 bxa5 15.
Ncxe4 Nxe4 16. Bxg7 Kxg7 17. Nxe4 Re8 18. Nxd6 Bc8 19. Nxe8+ Qxe8 20. Qa4 Qd8
21. c5 Kg8 22. Rfc1 Ne5 23. d6 Be6 24. Qe4 f6 25. f4 Ng4 26. Qxe6+ Kg7 27. Bxg4
Ra7 28. c6 a4 29. c7 Rxc7 30. dxc7 Qd3 31. Qe7+ Kh6 32. Qf8# 1-0

[Event "Landsturneringen NM i sjakk 2013"]
[Site "Radisson Blu Lillehammer Hotel"]
[Date "2013.06.29"]
[Round "3"]
[White "Garcia, Megan Alyssa"]
[Black "Lorem, Helene"]
[Result "0-1"]
[WhiteElo "1300"]
[BlackElo "956"]
[PlyCount "64"]
[EventDate "2013.??.??"]

1. e4 e6 2. d4 d5 3. exd5 exd5 4. c4 Nf6 5. Bg5 Bb4+ 6. Nc3 c6 7. Qb3 Na6 8.
cxd5 Qe7+ 9. Nge2 cxd5 10. O-O-O O-O 11. Nxd5 Qd6 12. Nxf6+ gxf6 13. Bh6 Bg4
14. f3 Bf5 15. Bxf8 Rc8+ 16. Nc3 Qf4+ 17. Rd2 Kxf8 18. Bxa6 Bxc3 19. bxc3 bxa6
20. Kd1 Rb8 21. Qa3+ Kg8 22. Rb2 Re8 23. Re1 Rxe1+ 24. Kxe1 Qc1+ 25. Ke2 Kg7
26. g4 Bc2 27. c4 Qd1+ 28. Ke3 Qc1+ 29. Kf2 Qd2+ 30. Kg3 Qe1+ 31. Kf4 Qd2+ 32.
Qe3 Qxh2# 0-1

[Event "Landsturneringen NM i sjakk 2013"]
[Site "Radisson Blu Lillehammer Hotel"]
[Date "2013.06.29"]
[Round "3"]
[White "Skaslien, Maria"]
[Black "Jacobsen, Jerlow Lytomt"]
[Result "1-0"]
[WhiteElo "883"]
[BlackElo "700"]
[PlyCount "73"]
[EventDate "2013.??.??"]

1. e4 e5 2. Nc3 Nf6 3. f4 exf4 4. Nf3 Nc6 5. d4 d5 6. e5 Ne4 7. Bd3 Nxc3 8.
bxc3 Bg4 9. Bxf4 Bxf3 10. Qxf3 g5 11. Bd2 Qe7 12. O-O O-O-O 13. Qf5+ Kb8 14.
Bxg5 Qd7 15. Bxd8 Qxd8 16. Rab1 Ne7 17. Qf6 Rg8 18. Qa6 b6 19. c4 dxc4 20. Qxc4
Nc8 21. Be4 Qg5 22. Qd5 c6 23. Qxc6 Qe7 24. Qa8+ Kc7 25. Qb7+ Kd8 26. Qd5+ Kc7
27. Rxf7 Qxf7 28. Qxf7+ Ne7 29. d5 Rg7 30. Qxf8 Rxg2+ 31. Kxg2 Kd7 32. d6 Ng6
33. Qf7+ Kd8 34. Bxg6 Kc8 35. d7+ Kd8 36. Qe8+ Kc7 37. Qc8# 1-0

[Event "Landsturneringen NM i sjakk 2013"]
[Site "Radisson Blu Lillehammer Hotel"]
[Date "2013.06.29"]
[Round "4"]
[White "Huse, Sigurd Kjelsbøl"]
[Black "Greibrokk, Ingrid Andrea"]
[Result "1/2-1/2"]
[WhiteElo "1127"]
[BlackElo "1419"]
[PlyCount "75"]
[EventDate "2013.??.??"]

1. e4 c5 2. Nf3 d6 3. Bb5+ Bd7 4. Bxd7+ Qxd7 5. O-O Nc6 6. Nc3 e6 7. d3 Nge7 8.
Bg5 g6 9. Qd2 Bg7 10. a3 O-O 11. Bh6 Nd4 12. Nxd4 cxd4 13. Ne2 e5 14. Ng3 Rac8
15. Bxg7 Kxg7 16. Qg5 f6 17. Nh5+ Kh8 18. Nxf6 Qe6 19. Nd5 Nxd5 20. exd5 Qxd5
21. Rac1 Rc7 22. f4 Rcf7 23. fxe5 dxe5 24. Rce1 Rf5 25. Rxf5 Rxf5 26. Qe7 Kg8
27. Rf1 Qf7 28. Qxf7+ Kxf7 29. g4 Rf4 30. Rxf4+ exf4 31. Kf2 Kf6 32. Kf3 Ke5
33. h4 h6 34. c3 g5 35. hxg5 hxg5 36. c4 a5 37. b4 b6 38. b5 1/2-1/2

[Event "Landsturneringen NM i sjakk 2013"]
[Site "Radisson Blu Lillehammer Hotel"]
[Date "2013.06.29"]
[Round "4"]
[White "Lorem, Helene"]
[Black "Berntsen-Øybø, August"]
[Result "0-1"]
[WhiteElo "956"]
[BlackElo "1303"]
[PlyCount "32"]
[EventDate "2013.??.??"]

1. d4 Nf6 2. c4 e5 3. d5 Bb4+ 4. Bd2 Bxd2+ 5. Nxd2 d6 6. e4 O-O 7. Qc2 Na6 8.
b4 Nxb4 9. Qc3 Na6 10. Nb3 Nxe4 11. Qc2 Bf5 12. Bd3 Nb4 13. Qb1 Nc3 14. Qb2
Nxd3+ 15. Kd2 Nxb2 16. Kxc3 Nd3 0-1

[Event "Landsturneringen NM i sjakk 2013"]
[Site "Radisson Blu Lillehammer Hotel"]
[Date "2013.06.29"]
[Round "4"]
[White "Bø, Torgeir H"]
[Black "Risting, Eivind Olav"]
[Result "1/2-1/2"]
[WhiteElo "943"]
[BlackElo "1570"]
[PlyCount "120"]
[EventDate "2013.??.??"]

1. e4 e6 2. d4 d5 3. Nc3 Nf6 4. e5 Nfd7 5. f4 c5 6. Nf3 Nc6 7. Be3 Be7 8. Be2
O-O 9. O-O f6 10. Qd2 cxd4 11. Nxd4 Nxd4 12. Bxd4 fxe5 13. fxe5 a6 14. Rxf8+
Bxf8 15. Rf1 b5 16. Qf4 Qe8 17. Bd3 Nc5 18. Be2 Be7 19. Be3 Bb7 20. Qg3 b4 21.
Nd1 Ne4 22. Qg4 Bf8 23. Kh1 a5 24. Nf2 Nxf2+ 25. Rxf2 Rc8 26. Bd3 Bc5 27. Bh6
Rc7 28. Rf3 Rf7 29. Rg3 Bf8 30. Qh4 g6 31. Bg5 Be7 32. Bf6 Rg7 33. Qh6 Bf8 34.
Bxg7 Bxg7 35. Qf4 Bc6 36. Rh3 Qe7 37. Kg1 Qc5+ 38. Kf1 Qe7 39. Rf3 Be8 40. Qd4
Qg5 41. Qb6 Qe7 42. Qe3 Qc7 43. Qf4 Bf7 44. Re3 Be8 45. Rf3 Bc6 46. Re3 Be8 47.
Rf3 Qc5 48. Qg5 Qc7 49. Qf4 Qe7 50. Qe3 Qh4 51. Rh3 Qg5 52. Rg3 Qh5 53. Rh3
Qd1+ 54. Qe1 Qg4 55. Qe3 Bc6 56. Qb6 Qd1+ 57. Kf2 Qd2+ 58. Kf1 Qd1+ 59. Kf2
Qd2+ 60. Kf1 Qd1+ 1/2-1/2

[Event "Landsturneringen NM i sjakk 2013"]
[Site "Radisson Blu Lillehammer Hotel"]
[Date "2013.06.29"]
[Round "4"]
[White "Jacobsen, Elise Sjøttem"]
[Black "Forså, Regine"]
[Result "1-0"]
[WhiteElo "1419"]
[BlackElo "1183"]
[PlyCount "59"]
[EventDate "2013.??.??"]

1. e4 c5 2. Nf3 e6 3. c3 Nf6 4. e5 Nd5 5. Bc4 Nb6 6. Bb3 c4 7. Bc2 d6 8. O-O
Qc7 9. Re1 Nc6 10. exd6 Bxd6 11. d3 cxd3 12. Qxd3 Ne5 13. Nxe5 Bxe5 14. h3 Nd7
15. Na3 a6 16. Qe4 Rb8 17. Nc4 Bh2+ 18. Kh1 b5 19. Ne3 Bb7 20. Qh4 Nf6 21. Ng4
Nxg4 22. Qxg4 Be5 23. Qh5 Bf6 24. Rxe6+ Kf8 25. Re1 b4 26. c4 Qxc4 27. Bb3 Qc7
28. Bf4 Bxg2+ 29. Kxg2 Qb7+ 30. Bd5
1-0

[Event "Landsturneringen NM i sjakk 2013"]
[Site "Radisson Blu Lillehammer Hotel"]
[Date "2013.06.29"]
[Round "4"]
[White "Jarve, Edvin"]
[Black "Garcia, Megan Alyssa"]
[Result "0-1"]
[WhiteElo "1443"]
[BlackElo "1300"]
[PlyCount "36"]
[EventDate "2013.??.??"]

1. e4 e5 2. Nf3 Nc6 3. Bc4 Nf6 4. d3 h6 5. Be3 b6 6. O-O Bb7 7. c3 d5 8. exd5
Nxd5 9. Re1 Be7 10. Qc2 Qd6 11. Nbd2 f5 12. Bxd5 Qxd5 13. Nb3 O-O-O 14. Rad1 g5
15. c4 Qd7 16. a3 g4 17. Nfd2 f4 18. Bxf4 exf4 0-1

[Event "Landsturneringen NM i sjakk 2013"]
[Site "Radisson Blu Lillehammer Hotel"]
[Date "2013.06.29"]
[Round "5"]
[White "Berntsen-Øybø, August"]
[Black "Østby, Martin Bergsjø"]
[Result "0-1"]
[WhiteElo "1303"]
[BlackElo "1780"]
[PlyCount "70"]
[EventDate "2013.??.??"]

1. e4 c5 2. Nf3 e6 3. d4 cxd4 4. Nxd4 a6 5. Nc3 Qc7 6. Bd3 Nf6 7. O-O Nc6 8.
Nxc6 bxc6 9. Be3 d5 10. exd5 exd5 11. Re1 Be7 12. Bc5 Be6 13. Bxe7 Qxe7 14. Bf5
O-O 15. Bxe6 fxe6 16. Qd4 Rae8 17. Qb6 Qd6 18. f3 Rb8 19. Qxa6 Rxb2 20. Qd3 e5
21. Ne4 Nxe4 22. Rxe4 Qc5+ 23. Re3 Rxc2 24. Qa3 Qd4 25. Rae1 Qd2 26. R3e2 Qxe2
27. Rxe2 Rxe2 28. Qc3 Rb8 29. h3 Rc8 30. Kf1 Rxa2 31. Qxe5 Raa8 32. Kf2 Kh8 33.
Qe6 d4 34. Qd6 Rd8 35. Qxc6 d3 0-1

[Event "Landsturneringen NM i sjakk 2013"]
[Site "Radisson Blu Lillehammer Hotel"]
[Date "2013.06.29"]
[Round "5"]
[White "Tryggestad, Andreas G"]
[Black "Machlik, Endre"]
[Result "1-0"]
[WhiteElo "1611"]
[BlackElo "1560"]
[PlyCount "65"]
[EventDate "2013.??.??"]

1. e4 c6 2. Nc3 d5 3. Nf3 Bg4 4. h3 Bxf3 5. Qxf3 e6 6. b3 Qc7 7. Bb2 Nf6 8.
exd5 exd5 9. O-O-O Nbd7 10. Re1+ Be7 11. g4 d4 12. Nb1 Qd6 13. Ba3 Nc5 14. Bg2
O-O 15. b4 Ne6 16. h4 Nf4 17. b5 c5 18. Qxb7 Nxg2 19. Qxg2 Rab8 20. Qc6 Qxc6
21. bxc6 Bd6 22. g5 Nd5 23. d3 Rfc8 24. c4 Bf4+ 25. Kc2 Nb4+ 26. Bxb4 Rxb4 27.
Re4 Bd6 28. Rhe1 Kf8 29. Nd2 Ra4 30. Kb2 Ra6 31. c7 Rc6 32. Kc2 Ra6 33. Re8+
1-0

[Event "Landsturneringen NM i sjakk 2013"]
[Site "Radisson Blu Lillehammer Hotel"]
[Date "2013.06.29"]
[Round "5"]
[White "Greibrokk, Ingrid Andrea"]
[Black "Skjølingstad, Sverre"]
[Result "1-0"]
[WhiteElo "1419"]
[BlackElo "880"]
[PlyCount "77"]
[EventDate "2013.??.??"]

1. e4 c5 2. Nf3 d6 3. d4 cxd4 4. Nxd4 Nf6 5. Nc3 Nc6 6. Be3 e6 7. g3 Be7 8. Bg2
Nxd4 9. Bxd4 e5 10. Be3 Ng4 11. Bd2 Qb6 12. Qe2 Qxb2 13. Rb1 Qxc2 14. O-O Bg5
15. f4 exf4 16. gxf4 Bf6 17. Rfc1 Bd4+ 18. Kf1 Ne3+ 19. Bxe3 Qxe2+ 20. Kxe2
Bxe3 21. Kxe3 b6 22. Nd5 O-O 23. Rc7 Be6 24. Ne7+ Kh8 25. f5 Bxa2 26. Rb2 Be6
27. fxe6 fxe6 28. e5 d5 29. Bh3 d4+ 30. Kxd4 Rf4+ 31. Ke3 Raf8 32. Bxe6 Rf3+
33. Kd4 R8f4+ 34. Kd5 Rd3+ 35. Kc6 Rc3+ 36. Kb7 Rxc7+ 37. Kxc7 Rf8 38. Rb3 Re8
39. Ng6+
1-0

[Event "Landsturneringen NM i sjakk 2013"]
[Site "Radisson Blu Lillehammer Hotel"]
[Date "2013.06.29"]
[Round "5"]
[White "Svanes, Eivind"]
[Black "Huse, Sigurd Kjelsbøl"]
[Result "1/2-1/2"]
[WhiteElo "1098"]
[BlackElo "1127"]
[PlyCount "62"]
[EventDate "2013.??.??"]

1. b4 e5 2. Bb2 Bxb4 3. Bxe5 Nf6 4. a3 Bc5 5. e3 d6 6. Bb2 O-O 7. Nf3 Bg4 8.
Be2 Nc6 9. O-O Qe7 10. d4 Bb6 11. Nbd2 Rfe8 12. Nc4 Qe4 13. Ng5 Bxe2 14. Nxe4
Bxd1 15. Nxf6+ gxf6 16. Rfxd1 h6 17. a4 Na5 18. Nxb6 axb6 19. d5 f5 20. g3 Nc4
21. Bc3 Re4 22. Rd4 Rxd4 23. Bxd4 c6 24. dxc6 bxc6 25. Kf1 d5 26. Ke2 Kh7 27.
Kd3 Kg6 28. f3 Kh5 29. h3 Kg6 30. e4 fxe4+ 31. fxe4 h5 1/2-1/2

[Event "Landsturneringen NM i sjakk 2013"]
[Site "Radisson Blu Lillehammer Hotel"]
[Date "2013.06.29"]
[Round "5"]
[White "Risting, Eivind Olav"]
[Black "Jacobsen, Elise Sjøttem"]
[Result "1-0"]
[WhiteElo "1570"]
[BlackElo "1419"]
[PlyCount "113"]
[EventDate "2013.??.??"]

1. e4 c5 2. Nf3 d6 3. d4 cxd4 4. Nxd4 Nf6 5. Nc3 g6 6. Be3 Bg7 7. f3 O-O 8. Qd2
d5 9. O-O-O dxe4 10. Nxe4 Nxe4 11. fxe4 Nd7 12. Nb3 Qc7 13. Be2 Qe5 14. Qd4 Qe6
15. Qd5 Qf6 16. Nd4 e5 17. Nf3 Nb6 18. Qb5 Qc6 19. Qxc6 bxc6 20. Rd6 Bb7 21.
Rhd1 c5 22. Bxc5 Bxe4 23. Bxb6 axb6 24. Kb1 Rfc8 25. Bd3 Bxd3 26. cxd3 Ra6 27.
Nd2 Rca8 28. a3 b5 29. Rd5 Rb6 30. Re1 f6 31. Re4 Rab8 32. Rb4 Bf8 33. Rb3 Bh6
34. Ne4 Bg7 35. Rd6 Rxd6 36. Nxd6 b4 37. Rxb4 Rd8 38. Rb6 Bf8 39. Ne4 f5 40.
Nc3 Rxd3 41. Kc2 e4 42. a4 Rd8 43. b4 Ra8 44. b5 f4 45. Rf6 g5 46. b6 Bc5 47.
Rc6 Bd4 48. b7 Rf8 49. Nxe4 g4 50. Nf6+ Bxf6 51. Rxf6 Rb8 52. Rb6 f3 53. gxf3
gxf3 54. Kd2 f2 55. Ke2 Rf8 56. Kf1 Rb8 57. a5
1-0

[Event "Landsturneringen NM i sjakk 2013"]
[Site "Radisson Blu Lillehammer Hotel"]
[Date "2013.06.29"]
[Round "5"]
[White "Næss, Sara"]
[Black "Dahl, Trygve"]
[Result "0-1"]
[WhiteElo "1371"]
[BlackElo "1722"]
[PlyCount "66"]
[EventDate "2013.??.??"]

1. e4 c5 2. Nf3 e6 3. d4 cxd4 4. Nxd4 a6 5. g3 d5 6. Bg2 e5 7. Nb3 d4 8. f4
exf4 9. Bxf4 Nc6 10. O-O Be6 11. Qf3 Nf6 12. N1d2 Be7 13. Qf2 Ng4 14. Qe2 g5
15. Bh3 h5 16. Bxg5 Bxg5 17. Nc5 Qb6 18. Nd3 O-O-O 19. Rac1 Kb8 20. Kh1 Nge5
21. Bg2 h4 22. gxh4 Rxh4 23. Nf3 Nxf3 24. Bxf3 Bxc1 25. Rxc1 Rdh8 26. Qe1 Rxh2+
27. Kg1 R2h3 28. Bg2 R3h4 29. Qg3+ Qc7 30. Qf3 Ne5 31. Nxe5 Qxe5 32. Rd1 Qh2+
33. Kf2 Rf4 0-1

[Event "Landsturneringen NM i sjakk 2013"]
[Site "Radisson Blu Lillehammer Hotel"]
[Date "2013.06.29"]
[Round "5"]
[White "Sundsbø, Sigve"]
[Black "Bø, Torgeir H"]
[Result "1-0"]
[WhiteElo "1501"]
[BlackElo "943"]
[PlyCount "113"]
[EventDate "2013.??.??"]

1. d4 c6 2. c4 d5 3. Nf3 Bf5 4. Nc3 Nf6 5. cxd5 cxd5 6. Qb3 Qb6 7. Qxb6 axb6 8.
Bf4 e6 9. a3 Be7 10. e3 O-O 11. Bb5 Nc6 12. O-O Ne4 13. Nxe4 Bxe4 14. Ne5 Nxe5
15. Bxe5 Rfc8 16. Rac1 f6 17. Bc7 Bd8 18. Bg3 Rc2 19. Rxc2 Bxc2 20. Rc1 Be4 21.
Bd7 Kf7 22. Rc8 Rxc8 23. Bxc8 Bd3 24. Bxb7 Ke7 25. Bc6 Bc4 26. Ba4 b5 27. Bc2
Kf7 28. f3 b4 29. axb4 Be7 30. Be1 h6 31. Bc3 Bb5 32. Kf2 Bd6 33. g3 g5 34. e4
Be7 35. Ke3 Bd6 36. b3 Ke7 37. Bd3 Bxd3 38. Kxd3 Bc7 39. b5 Kd7 40. Bb4 f5 41.
e5 h5 42. Bc5 Bd8 43. b6 g4 44. f4 h4 45. Bd6 Bxb6 46. gxh4 Ba5 47. b4 Bd8 48.
h5 Ke8 49. h6 Kf7 50. b5 Kg8 51. h7+ Kxh7 52. Bc5 Kh6 53. b6 Kh5 54. b7 Bc7 55.
Bd6 Kh4 56. Bxc7 Kh3 57. b8=Q 1-0

[Event "Landsturneringen NM i sjakk 2013"]
[Site "Radisson Blu Lillehammer Hotel"]
[Date "2013.06.29"]
[Round "5"]
[White "Heier, Odin Nikolai"]
[Black "Nordquelle, Daniel"]
[Result "1/2-1/2"]
[WhiteElo "1302"]
[BlackElo "1121"]
[PlyCount "89"]
[EventDate "2013.??.??"]

1. e4 c5 2. Nf3 e6 3. c3 d5 4. e5 Nc6 5. d4 Qb6 6. Bd3 Bd7 7. Bc2 Nge7 8. O-O
h6 9. Re1 g5 10. h3 O-O-O 11. b3 Nf5 12. a3 Be7 13. b4 c4 14. Nbd2 Rdg8 15. Nh2
h5 16. g3 f6 17. exf6 Bxf6 18. Kg2 e5 19. Qf3 g4 20. hxg4 hxg4 21. Qxd5 Nxb4
22. Qxc4+ Bc6+ 23. Be4 Nc2 24. Qe6+ Kb8 25. Qxf5 Nxe1+ 26. Kg1 Bxe4 27. Qxe4
Nf3+ 28. Nhxf3 gxf3 29. Nxf3 exd4 30. Rb1 Qa6 31. Bf4+ Ka8 32. cxd4 Rg7 33. Re1
Re7 34. Be5 Bxe5 35. Nxe5 Reh7 36. Kg2 Rh2+ 37. Kf3 Qf6+ 38. Qf4 Qxf4+ 39. gxf4
a6 40. Ke2 Rf8 41. Ke3 Rh3+ 42. f3 Rh4 43. Ng6 Re8+ 44. Ne5 Rf8 45. Ng6 1/2-1/2

[Event "Landsturneringen NM i sjakk 2013"]
[Site "Radisson Blu Lillehammer Hotel"]
[Date "2013.06.29"]
[Round "5"]
[White "Zandi, Sigve Saman"]
[Black "Lorem, Helene"]
[Result "1/2-1/2"]
[WhiteElo "807"]
[BlackElo "956"]
[PlyCount "40"]
[EventDate "2013.??.??"]

1. e4 e6 2. d4 d5 3. Nc3 Bb4 4. e5 f6 5. Nf3 c5 6. a3 Bxc3+ 7. bxc3 c4 8. Be3
Nc6 9. Be2 fxe5 10. dxe5 Nge7 11. O-O Bd7 12. Bd4 Qc7 13. Re1 O-O-O 14. Bf1 b6
15. g3 Nf5 16. Bg2 Ncxd4 17. Nxd4 Nxd4 18. cxd4 Ba4 19. Qd2 Rdf8 20. c3 Qf7
1/2-1/2

[Event "Landsturneringen NM i sjakk 2013"]
[Site "Radisson Blu Lillehammer Hotel"]
[Date "2013.06.29"]
[Round "5"]
[White "Skaslien, Maria"]
[Black "Voldemars, Rafail"]
[Result "1/2-1/2"]
[WhiteElo "883"]
[BlackElo "852"]
[PlyCount "57"]
[EventDate "2013.??.??"]

1. e4 e6 2. Nc3 d5 3. exd5 exd5 4. d4 Bb4 5. Nf3 Bxc3+ 6. bxc3 c6 7. Bd3 Bg4 8.
O-O Nd7 9. Re1+ Ne7 10. Bd2 Nf6 11. h3 Bh5 12. Bg5 Qd6 13. Qe2 b6 14. Rab1 h6
15. Bh4 Rd8 16. Bg3 Qd7 17. Bf5 Qb7 18. Qe3 Bxf3 19. Qxf3 O-O 20. Bd3 Ng6 21.
Re3 Rfe8 22. Rbe1 Rxe3 23. Rxe3 Re8 24. Rxe8+ Nxe8 25. Qf5 Nf6 26. Be5 Qd7 27.
Bxf6 Qxf5 28. Bxf5 gxf6 29. Kh2 1/2-1/2